Vogel-Buchstabensalat (einfach) - Statistiken

Allgemein
  • Dieses Quiz wurde 232 mal gespielt
  • Das Durchschnittsergebnis liegt bei 5 aus 8
Antwortstatistiken
Vogelart % Korrekt
Amsel
100%
Star
97%
Kuckuck
96%
Uhu
94%
Fasan
87%
Dohle
81%
Pirol
80%
Wachtel
73%
Kranich
72%
Sperber
69%
Habicht
68%
Löffler
68%
Elster
66%
Kiebitz
59%
Eismöwe
55%
Merlin
45%
Eisente
44%
Rebhuhn
42%
Knutt
41%
Fitis
40%
Triel
39%
Kleiber
35%
Nilgans
28%
Ortolan
26%
Sichler
21%
Skua
17%
Tordalk
17%
Keine übereinstimmenden Quizze gefunden
Verteilung der Resultate
Anzahl Personen mit jedem Resultat
Perzentil nach korrekt beantworteten Fragen
Ihre Resultats-Entwicklung
Sie haben dieses Quiz noch nicht gespielt